Focus East London, Docklands and Thames Gateway (Record no. 78015)
[ view plain ]
| 000 -LEADER | |
|---|---|
| fixed length control field | 01049cab a2200253 4500 |
| 001 - CONTROL NUMBER | |
| control field | L135820 |
| 008 - FIXED-LENGTH DATA ELEMENTS--GENERAL INFORMATION | |
| fixed length control field | 061212n2006 000 0 eng u |
| 035 ## - SYSTEM CONTROL NUMBER | |
| System control number | (Sirsi) u135820 |
| 041 0# - LANGUAGE CODE | |
| Language code of text/sound track or separate title | eng |
| 100 1# - MAIN ENTRY--PERSONAL NAME | |
| Personal name | Elghamry, Nadia |
| 245 00 - TITLE STATEMENT | |
| Title | Focus East London, Docklands and Thames Gateway |
| 260 ## - PUBLICATION, DISTRIBUTION, ETC. | |
| Date of publication, distribution, etc. | 2006 |
| 490 #0 - SERIES STATEMENT | |
| Series statement | Estates Gazette |
| Volume/sequential designation | (0646) 18 November 2006, 139-163(16) |
| 520 ## - SUMMARY, ETC. | |
| Summary, etc. | Covers the implications of eco parking tax proposals in London, the expansion of Canary Wharf, and the controversy surrounding redevelopment of former wharves along the River Thames. Reports on the Ebbsfleet development in the north Kent stretch of the Thames Gateway discussing the potential difficulties of selling the site as a new office hotspot to rival Reading. |
| 651 #4 - SUBJECT ADDED ENTRY--GEOGRAPHIC NAME | |
| Geographic name | EAST LONDON |
| 651 #4 - SUBJECT ADDED ENTRY--GEOGRAPHIC NAME | |
| Geographic name | DOCKLANDS |
| 651 #4 - SUBJECT ADDED ENTRY--GEOGRAPHIC NAME | |
| Geographic name | THAMES GATEWAY |
| 690 ## - LOCAL SUBJECT ADDED ENTRY--TOPICAL TERM (OCLC, RLIN) | |
| Topical term or geographic name as entry element | PROPERTY-COMMERCIAL PROPERTY-COMMERCIAL PROPERTY MARKET |
| 700 1# - ADDED ENTRY--PERSONAL NAME | |
| Personal name | Norwood, Graham |
| 700 1# - ADDED ENTRY--PERSONAL NAME | |
| Personal name | Moore, Charlotte |
| 700 1# - ADDED ENTRY--PERSONAL NAME | |
| Personal name | Jack, Simon |
| 700 1# - ADDED ENTRY--PERSONAL NAME | |
| Personal name | Harris, David |
| 942 ## - ADDED ENTRY ELEMENTS (KOHA) | |
| Suppress in OPAC | 0 |
| Withdrawn status | Lost status | Source of classification or shelving scheme | Damaged status | Not for loan | Home library | Current library | Shelving location | Date acquired | Total Checkouts | Full call number | Barcode | Date last seen | Copy number | Price effective from | Koha item type |
|---|---|---|---|---|---|---|---|---|---|---|---|---|---|---|---|
| Dewey Decimal Classification | London | London | Journal article | 12/12/2006 | L135820 | 135820-1001 | 06/08/2019 | 1 | 06/08/2019 | Journal article |